000 01052nam a2200301Ia 4500
001 D4424
003 IT-RoPAU
008 130308s9999 xx 000 0 und d
040 _aIT-RoPAU
040 _cIT-RoPAU
041 _aITALIANO
100 _aLeoni Francesco
100 _gCodice Aut. SPICS: 44694
245 _aDiritti umani negli statuti dei partiti italiani (I)
245 _bDiritti Umani (I). dottrina e Prassi
250 _a1a ed.
260 _aROMA
260 _bAve
260 _c1982 [1° Ed.:1982 - Ed.Ling.Originale:1982]
300 _a"21 p. (prefazione: no ; testo: 21 [pagine: 575-595])"
500 _aAmbiguità di giudizio Sui sistemi Politici. Processo di Burocratizzazione. Movimento Sociale Italiano. partito liberale Italiano. Democrazia Cristiana. partito Socialista Democratico Italiano. partito Repubblicano. partito Socialista Italiano. partito comunista Italiano.
650 _aDIRITTO GENERALE
650 _eCodice materia Spics: 4601
942 _cBK
957 _71
999 _c76689
_d76689
999 _bSI
999 _g1